000 00322 a2200145 4500
001 153216
040 _cEscola São Tomás de Aquino
100 _aANDRADE, Carlos Drummond de
240 1 0 _aA cor de cada um
_lpor
245 1 0 _aA cor de cada um
362 0 _a2002
440 1 _aRecord
697 _aPoesia
942 _cBK
999 _c153216
_d153216